| Tag |
First Indicator |
Second Indicator |
Subfields |
| LEADER |
00000cam a2200000 i 4500 |
| 001 |
in00000060620 |
| 005 |
20151008050532.0 |
| 008 |
771219s1863 enk 00010 eng d |
| 010 |
|
|
|a 11016303
|
| 035 |
|
|
|a (OCoLC)03500017
|
| 035 |
|
|
|9 AAG1643AM
|
| 040 |
|
|
|a ABC
|c ABC
|d TXA
|d UtOrBLW
|
| 049 |
|
|
|a TXAM
|c [184295]
|
| 050 |
|
0 |
|a E458.2
|b .C333
|
| 092 |
|
|
|a 326.973
|b C136s2
|
| 100 |
1 |
|
|a Cairnes, John Elliott,
|d 1823-1875.
|
| 245 |
1 |
4 |
|a The slave power :
|b its character, career and possible designs : being an attempt to explain the real issues involved in the American contest /
|c by J. E. Cairnes.
|
| 250 |
|
|
|a 2d ed.,
|b much enlarged and with a new preface.
|
| 264 |
|
1 |
|a London,
|a Cambridge :
|b Macmillan,
|c 1863.
|
| 300 |
|
|
|a xliv, 410 pages ;
|c 23 cm.
|
| 336 |
|
|
|a text
|b txt
|2 rdacontent
|
| 337 |
|
|
|a unmediated
|b n
|2 rdamedia
|
| 338 |
|
|
|a volume
|b nc
|2 rdacarrier
|
| 650 |
|
0 |
|a Slavery
|z United States.
|
| 651 |
|
0 |
|a United States
|x Politics and government
|y 1861-1865.
|
| 999 |
|
|
|a MARS
|
| 999 |
f |
f |
|s 22218a2b-8d10-3a60-8e42-469cdfd64932
|i ee585db9-6343-30f1-8466-5f7259e185c0
|t 0
|
| 952 |
f |
f |
|p ric
|a Texas A&M University
|b Rellis Campus
|c Joint Library Facility
|d Remote Storage
|t 0
|e E458.2 .C333
|h Library of Congress classification
|i unmediated -- volume
|m A14800672969
|
| 998 |
f |
f |
|a E458.2 .C333
|t 0
|l Remote Storage
|